Highest Life Expectancy Countries By Continent - Statistics

General Stats
  • This quiz has been taken 437 times
  • The average score is 5 of 6
Answer Stats
Life Expectancy Continent Answer % Correct
83 years North America Canada
95%
86 years Asia Japan
94%
83 years Australia/Oceania Australia
90%
81 years South America Chile
82%
73 years Africa Algeria
51%
84 years Europe Andorra
48%
No matching quizzes found
Score Distribution
Percent of People with Each Score
Percentile by Number Answered
Your Score History
You have not taken this quiz